| 000 | 00528pab a2200181 454500 | ||
|---|---|---|---|
| 008 | 180718b2008 xxu||||| |||| 00| 0 eng d | ||
| 100 | _aBadunenko, Oleg | ||
| 245 | _aTechnological change and transition: relative contributions to worldwide growth during the 1990s | ||
| 260 | _c2008 | ||
| 300 | _ap.461-92. | ||
| 362 | _aAug | ||
| 650 | _aTechnological change | ||
| 700 | _aZelenyuk, Vanentin | ||
| 700 | _aHenderson, Daniel J. | ||
| 773 | _aOxford Bulletin of Economics and Statistics | ||
| 908 | _aN | ||
| 909 | _a79125 | ||
| 999 |
_c79125 _d79125 |
||